00609nam a2200181Ii 450000100060000000300090000600800410001504000330005604100080008908200160009711000570011324500440017026401200021430000120033433600260034633700280037233800270040018621CO-ViMGA241108s9999||||xx |||||||||||||| ||und|| aCO-ViMGAbspaerdacCO-ViMGA0 aspa04a616.024 A761 aAsociación Medica Homeopatica Colombia (ASOMHOCOL)10aCurso Intensivo de Medicina Homeopatica 1aBogotá, Colombia : Asociación Medica Homeopatica Colombia (ASOMHOCOL), [Fecha de publicación no identificada] avolumen atextbtxt2rdacontent aunmediatedbn2rdamedia avolumebnc2rdacarrier